Atlas de la vivienda colectiva en Lima : (Registro nro. 5090)
[ vista simple ]
| 000 -LEADER | |
|---|---|
| fixed length control field | 01628nam a22002777a 4500 |
| 003 - CONTROL NUMBER IDENTIFIER | |
| control field | PE SENCICO BE |
| 005 - DATE AND TIME OF LATEST TRANSACTION | |
| control field | 20251020182711.0 |
| 008 - FIXED-LENGTH DATA ELEMENTS--GENERAL INFORMATION | |
| fixed length control field | 250206b |||||||| |||| 00| 0 eng d |
| 040 ## - CATALOGING SOURCE | |
| Original cataloging agency | PE SENCICO BE |
| Transcribing agency | PE SENCICO BE |
| 041 ## - LANGUAGE CODE | |
| Language code of text/sound track or separate title | spa |
| 082 ## - DEWEY DECIMAL CLASSIFICATION NUMBER | |
| Classification number | 728.31098525 |
| Item number | K16 |
| 100 1# - MAIN ENTRY--PERSONAL NAME | |
| 9 (RLIN) | 2916 |
| Personal name | Kahatt, Sharif S. |
| Relator term | autor |
| 245 1# - TITLE STATEMENT | |
| Title | Atlas de la vivienda colectiva en Lima : |
| Remainder of title | arquitectura y proyecto urbano / |
| Statement of responsibility, etc. | Sharif S. Kahatt |
| 250 ## - EDITION STATEMENT | |
| Edition statement | 1a ed. |
| 260 ## - PUBLICATION, DISTRIBUTION, ETC. | |
| Place of publication, distribution, etc. | Lima : |
| Name of publisher, distributor, etc. | PUCP. Fondo editorial ; |
| Date of publication, distribution, etc. | 2024 |
| 300 ## - PHYSICAL DESCRIPTION | |
| Extent | 566 p. : |
| Other physical details | ilustraciones, planos, diagramas ; |
| Dimensions | 24 cm. |
| 505 0# - FORMATTED CONTENTS NOTE | |
| Formatted contents note | Linea de tiempo con obras, hechos y contexto. Arquitectura, urbanidad y ciudadanía -- Mapas de crecimiento de Lima con áreas. Lima en tramas. Urbanización, arquitectura e historia de Lima -- Comparación de escala de plantas de conjuntos. Arquitectura y colectividad. Las formas de la vivienda urbana -- Fotografías, planos de conjunto y plantas de vivienda. Proyectos de vivienda colectiva en Lima 1911-2021 -- Comparación de escala de plantas de viviendas. Las formas del vacío. De la utopía social al libre mercado -- Imágenes de los conjuntos en la actualidad. Fotografías aéreas. Las formas de la vivienda colectiva en Lima -- Mapas de Lima. Ciudadanía en obras. Notas sobre la vivienda y la urbanidad |
| 650 10 - SUBJECT ADDED ENTRY--TOPICAL TERM | |
| 9 (RLIN) | 1456 |
| Topical term or geographic name entry element | Viviendas multifamiliares |
| 650 20 - SUBJECT ADDED ENTRY--TOPICAL TERM | |
| 9 (RLIN) | 2875 |
| Topical term or geographic name entry element | Conjunto de vivienda |
| 650 20 - SUBJECT ADDED ENTRY--TOPICAL TERM | |
| 9 (RLIN) | 370 |
| Topical term or geographic name entry element | Arquitectura de viviendas |
| 650 20 - SUBJECT ADDED ENTRY--TOPICAL TERM | |
| 9 (RLIN) | 18 |
| Topical term or geographic name entry element | Diseño arquitectónico |
| 650 20 - SUBJECT ADDED ENTRY--TOPICAL TERM | |
| 9 (RLIN) | 636 |
| Topical term or geographic name entry element | Proyectos urbanos |
| 651 #0 - SUBJECT ADDED ENTRY--GEOGRAPHIC NAME | |
| 9 (RLIN) | 1382 |
| Geographic name | Lima (Perú : Departamento) |
| 910 ## - USER-OPTION DATA (OCLC) | |
| User-option data | hfp |
| -- | hfp |
| -- | hfp |
| 942 ## - ADDED ENTRY ELEMENTS (KOHA) | |
| Source of classification or shelving scheme | Dewey Decimal Classification |
| Koha item type | Libros |
| Fecha de la última vez que lo usaron | Pago total | Signatura topográfica completa | Código de barras | Precio efectivo desde | Tipo de documento | Estado perdido | Sistema de clasificación | Estado dañado | No es para préstamo | Retirado | Ubicación permanente | Ubicación actual | Fecha de adquisición | Fuente de adquisición |
|---|---|---|---|---|---|---|---|---|---|---|---|---|---|---|
| 06/02/2025 | 728.31098525/K16 | BibLima25020004 | 06/02/2025 | Libros | Dewey Decimal Classification | Biblioteca Central Lima | Biblioteca Central Lima | 05/12/2024 | Comprado de la librería San Cristóbal |